00766cam a22002651 4500001001300000003000400013005001700017008004100034010001700075025001800092035001900110040001900129042001200148043001200160050002200172100001800194245007700212250002800289260002100317300004800338504003400386650002800420650003500448999001700483sa 65006069 DLC20260227112140.0810518s1964 pk ab b 000 0 eng  asa 65006069  aPL480:P-E-670 a(OCoLC)7428287 aDLCcMnSUdDLC apremarc aa-pk---00aSH117.P3bH8 19641 aHusain, K. A.10aHistory of fisheries research & development in West Pakistan, 1870-1963. a2d print, rev. and enl. a[Lahore?]c1964. ax, 158 l.billus., maps (part col.)c30 cm. aBibliography: leaves 145-158. 0aFish culturezPakistan. 0aFisheriesxResearchzPakistan. c64515d64515